|
|
|
|
| LEADER |
00000cam a2200000 7i4500 |
| 001 |
0000001497 |
| 005 |
20021129.0 |
| 020 |
|
|
|a 1572030054
|
| 040 |
|
|
|a INS
|
| 090 |
0 |
0 |
|a HD1394.5.U6
|b H65 1995
|
| 100 |
1 |
|
|a Holland, Barbara Kamanitz
|
| 245 |
1 |
0 |
|a Successful residential management :
|b The professional's guide
|c by Barbara Komanitz Holland
|
| 260 |
|
|
|a Chicago :
|b IREM ,
|c 1995
|
| 300 |
|
|
|a 388p.
|
| 650 |
0 |
0 |
|a Real estate management
|z US
|
| 650 |
0 |
0 |
|a Rental housing
|z US
|x management
|
| 650 |
0 |
0 |
|a Residential properties
|
| 650 |
0 |
0 |
|a Residential properties
|x management
|
| 999 |
|
|
|a 0000007049
|b BOOK
|c Open Shelf
|e Default branch
|